Стенограмма 9-го Заседания Совета Национальностей 2-й Сессии ЦИК СССР 7-го созыва. /Утро/

Доступно только в Электронных читальных залах Найти на картеНа карте
RUSMARC
00004699nac2a22003013x 450
001322f90b3-b540-449d-ad77-d8baeeecf520
00520210716233441.0
100##$a20210612l1936 k y0rusy50 ca
1010#$arus
102##$aRU
105##$ay z |||||
1220#$ad19360117
2001#$aСтенограмма 9-го Заседания Совета Национальностей 2-й Сессии ЦИК СССР 7-го созыва. /Утро/
$j17.01.1936
215##$a135 листов
251##$cДело
300##$aЗаголовок дела на папке: Стенограмма 9-го Заседания Совета Национальностей 2-й Сессии ЦИК Союза ССР VII-го созыва. 17 января 1936 года. (Утро)
300##$aМашинописный текст
330##$aВходит в раздел описи: VII-й Съезд Советов. 2-я Сессия ЦИК СССР
461#0$1001796d4672-8a00-4986-b488-6e42273792cc
$12001
$aЦЕНТРАЛЬНЫЙ ИСПОЛНИТЕЛЬНЫЙ КОМИТЕТ СССР (ЦИК СССР)
$1251
$cФонд
$1852
$j3316
$gР
462#0$10012246e4af-064a-4b66-b386-cae0ddb7fb2d
$12001
$aДела 7-го Съезда Советов и 1-й, 2-й, 3-й, 4-й Сессий 7-го созыва. 1935-1937 гг.
$vД. 129
$1251
$cОпись
$1852
$j7
5171#$aСтенограмма 9-го Заседания Совета Национальностей 2-й Сессии ЦИК Союза ССР VII-го созыва. 17 января 1936 года. (Утро)
60101$3RU\NLR\AUTH\880357276
$aСССР
$bЦИК
60102$3RU\NLR\AUTH\880399376
$aСССР
$bЦИК
$bСозыв
$c7
$bСессия
$d2
60102$aСССР. ЦИК. Созыв (7). Сессия (2). Заседание Совета национальностей (9)
60101$3RU\NLR\AUTH\880398223
$aСССР
$bЦентральный исполнительный комитет
$bСовет национальностей
801#0$aRU
$bGA_RF
801#1$aRU
$bГлавНИВЦ
$c20210612
$2rusmarc
801#2$aRU
$bПБ им. Б.Н. Ельцина
$c20210716
$gRCR
$2rusmarc
852##$aГА РФ
$j129
937##$d166328153
$hГАРФ
035##$aRuPRLIB51060576
856##$uhttp://readingroom.main.prlib.ru/item.aspx?id_node=n166328153&mode=full
Формат отображения